Statistiques concernant Les chansons de l'Eurovision 2020 avec leur traduction

Cliquez ici pour prendre le quiz!

Statistiques générales

  • Ce quiz a été pris 29 fois
  • Le résultat moyen est 24 sur 40

Statistiques - réponses

PaysTraductionTitre% Correct
AustralieNe me casse pasDon't break me
95%
FranceMon alliéeMon alliée
95%
AzerbaïdjanCléopâtreCleopatra
85%
Royaume-UniMa dernière respirationMy last breath
85%
DanemarkOUIYES
85%
Macédoine du NordTOIYOU
85%
AutricheVivantAlive
80%
PologneEmpiresEmpires
80%
SuèdeBougeMove
80%
LituanieEn feuOn fire
80%
MoldaviePrisonPrison
80%
EspagneUniversUniverso
80%
RussieUnUno
75%
NorvègeAttentionAttention
70%
Pays-BasGrandirGrow
70%
ChypreCourirRunning
70%
IrlandeL'histoire de ma vieStory of my life
70%
AllemagneChose violenteViolent thing
70%
SuisseRépondez-moiRépondez-moi
65%
ArménieChaînes sur toiChains on you
60%
EstonieCe que l'amour estWhat love is
60%
AlbanieTombée du cielFall from the sky
55%
BelgiqueRelâche-moiRelease me
50%
GrèceSuperf!lleSuperg!rl
50%
GéorgiePrend-moi comme je suisTake me as I am
50%
IslandePenser à des chosesThink about things
50%
BiélorussieOui visibleDa vidna
45%
Saint-MarinBizarre!Freaky!
45%
SerbieA plus tardHasta la vista
45%
BulgarieLes larmes deviennent sobresTears getting sober
45%
SlovénieEauVoda
45%
RoumanieT'alcooliserAlcohol you
40%
MalteTout mon amourAll of my love
40%
ItalieFaire du bruitFai rumore
40%
FinlandeRegarder en arrièreLooking back
40%
LettonieRespire encoreStill breathing
40%
IsraëlAime mon coeurFeker libi
35%
PortugalPeur de ressentirMedo de sentir
35%
UkraineRossignolSolovey
35%
CroatieVents sauvagesDivlji vjetre
15%

Distribution des résultats

Percentile par nombre de réponses

% des personnes avec chaque résultat

Votre développement - résultats

Vous n’avez pas pris ce quiz